Open Data Biblioteca Nacional de Portugal


República Portuguesa: Ministério da Cultura
Biblioteca Nacional de Portugal

Catálogo da BNP: acesso por Identificadores Unívocos
Registos Bibliográficos associados ao registo de autoridade

Etiqueta de registo: 00254nam 2200025 450
001 2278028
003 http://id.bnportugal.gov.pt/bib/catbnp/2278028
100 ## $a20260309d2025 k y0pory01030103ba
101 0# $apor$deng
102 ## $aPT
105 ## $aa m 000yy
106 ## $ar
200 1# $aGestão da informação em contexto hospitalar$emonitorização de serviços de arquivo$fMaria Fernanda Silva Gonçalves$gorient. Gabriel David, Armando Malheiro da Silva
210 #9 $aPorto$c[s.n.],$d2025
215 ## $a564 p.$cil.$d30 cm
328 #1 $aTese dout. Informção e Comunicação em Plataformas Digitais, Faculdade de Letras da Universidade do Porto, Universidade de Aveiro, 2025
675 ## $a005.94(043)$vBN$zpor$31210723
675 ## $a004.9(043)$vBN$zpor$3788403
700 #1 $aGonçalves$bMaria Fernanda Silva$31989886
702 #1 $aDavid,$bGabriel,$f1958-$4727$3185664
702 #1 $aSilva,$bArmando Malheiro da,$f1957-$4727$3224210
801 #0 $aPT$bBN$gRPC
966 ## $lBN$mFGMON$sP. 72343 V.$x1
971 ## $cisantos$d20260309
972 ## $e0$z0$d20260410$vlrevez
973 ## $cigoulao$d20260323

OpendataBNP@bnportugal.pt | Mais informação sobre acesso aos dados BNP